Countries with Four Vowels - Statistics

General Stats
  • This quiz has been taken 60 times
  • The average score is 27 of 56
Answer Stats
Country % Correct
Argentina
75%
Austria
73%
Colombia
68%
Madagascar
68%
Slovakia
68%
Albania
65%
Algeria
65%
Slovenia
65%
Afghanistan
63%
Nigeria
63%
Romania
63%
Armenia
60%
Bulgaria
60%
Cambodia
60%
Croatia
60%
Paraguay
58%
Namibia
55%
Uruguay
55%
Estonia
53%
Somalia
53%
Tajikistan
53%
Tanzania
53%
Turkmenistan
53%
Tunisia
50%
Cameroon
48%
Guinea
48%
New Zealand
48%
Uzbekistan
48%
Bolivia
45%
Georgia
45%
Cape Verde
43%
Czech Republic
43%
Jamaica
43%
Liberia
43%
Mongolia
43%
Philippines
43%
Singapore
43%
Suriname
43%
Dominica
40%
Ecuador
40%
Eritrea
40%
Ukraine
40%
Kiribati
38%
Luxembourg
38%
Malaysia
38%
Marshall Islands
35%
South Sudan
35%
Vanuatu
35%
El Salvador
33%
Montenegro
33%
Djibouti
30%
North Korea
30%
San Marino
28%
Vatican City
28%
Costa Rica
23%
East Timor
20%
No matching quizzes found
Score Distribution
Percent of People with Each Score
Percentile by Number Answered
Your Score History
You have not taken this quiz